00324nam a22001097a 4500082001800000100001800018245007700036260004200113300001100155563000800166650004000174 a345.4201bKAT aKataria, R.P. aGuide to Criminal Pleading and Drafting with Model Forms /cR.P. Kataria aLahore :bOmer Law Book House,c2020. a784 p. aHB. aLaw, Criminal Pleading and Drafting